000 00343nam a22001457a 4500
008 210311b ||||| |||| 00| 0 eng d
020 _a2900078025654
041 _aeng
080 _27th
_a330.722.6
082 _a330.722.6
100 _a62
101 _aKM
245 _aFundamental Managerial Accounting
_cEdmonds,TH. P
942 _2udc
_cBK
999 _c56308
_d56308